[Event "Wijk aan Zee"]
[Site "?"]
[Date "1992.??.??"]
[Round "?"]
[White "Gelfand, B."]
[Black "Epishin, V."]
[Result "1-0"]
[WhiteElo "2665"]
[BlackElo "2620"]
[PlyCount "76"]
[EventDate "1992.??.??"]
[Source "ChessBase"]
[SourceDate "1991.10.01"]

1. d4 e6 2. c4 f5 3. g3 Nf6 4. Bg2 Bb4+ 5. Nd2 O-O 6. Ngf3 b6 7. Ne5 Ne4 8. O-O Bxd2 9. Bxd2 Bb7 10. Bc1 Qe7 11. b3 d6 12. Nd3 c5 13. Bb2 cxd4 14. Bxd4 Nd7 15. Bb2 a5 16. Nf4 a4 17. f3 Nef6 18. Ba3 Nc5 19. b4 Ncd7 20. Rc1 Rfd8 21. Rc3 b5 22. cxb5 e5 23. Nh3 Nb6 24. Qd3 Nfd5 25. Rc6 f4 26. Rfc1 Rac8 27. Nf2 Qe8 28. Rxc8 Rxc8 29. Bh3 Rxc1+ 30. Bxc1 Bc8 31. Bd2 h6 32. gxf4 Bxh3 33. Nxh3 Qh5 34. e4 Qxh3 35. exd5 Nd7 36. Qe2 Qh5 37. Kh1 Kh8 38. Qd3 Qh4 1-0

[Event "Masters"]
[Site "Bunratty IRL"]
[Date "2008.02.23"]
[Round "3"]
[White "Svidler, P."]
[Black "Williams, Si1"]
[Result "1-0"]
[WhiteElo "2763"]
[BlackElo "2482"]
[PlyCount "39"]
[EventDate "2008.02.22"]
[Source "www.chesslib.no"]
[SourceDate "2004.05.04"]

1. d4 e6 2. c4 f5 3. g3 Nf6 4. Bg2 Bb4+ 5. Nd2 a5 6. Ngf3 b6 7. a3 Be7 8. Ne5 Ra7 9. e4 Bb7 10. d5 fxe4 11. Nxe4 exd5 12. Nxf6+ Bxf6 13. O-O d4 14. Bxb7 Rxb7 15. Qh5+ g6 16. Nxg6 hxg6 17. Qxg6+ Kf8 18. Re1 d5 19. Re6 Nd7 20. Bf4 1-0

[Event "Herne Benefiz 3rd"]
[Site "?"]
[Date "2003.09.28"]
[Round "5"]
[White "Dautov Rustem"]
[Black "Berelovich Aleksandar"]
[Result "1-0"]
[WhiteElo "2604"]
[BlackElo "2546"]
[PlyCount "109"]
[EventDate "2003.??.??"]
[Source "www.chesslib.no"]
[SourceDate "2004.05.04"]

1. d4 e6 2. c4 f5 3. g3 Nf6 4. Bg2 Bb4+ 5. Bd2 Bxd2+ 6. Qxd2 O-O 7. Nc3 d6 8. e3 e5 9. Nge2 Nc6 10. dxe5 dxe5 11. Bxc6 bxc6 12. Qxd8 Rxd8 13. O-O Be6 14. b3 Bf7 15. Rfd1 Bh5 16. Kf1 Ne4 17. Nxe4 fxe4 18. Rxd8+ Rxd8 19. Ke1 Kf7 20. Rd1 Rxd1+ 21. Kxd1 Ke6 22. Kd2 Bxe2 23. Kxe2 Kd6 24. b4 c5 25. b5 g5 26. f3 h5 27. f4 g4 28. Kd2 Ke6 29. Kc3 Kf5 30. Kc2 Ke6 31. Kb3 exf4 32. exf4 e3 33. Kc3 Kf5 34. Kd3 e2 35. Kxe2 Ke4 36. Kd2 Kd4 37. a4 Kxc4 38. f5 Kd5 39. Kc3 Ke5 40. Kc4 Kxf5 41. Kxc5 Ke4 42. Kc6 Kf3 43. Kxc7 Kg2 44. a5 Kxh2 45. b6 axb6 46. axb6 h4 47. b7 hxg3 48. b8=Q g2 49. Kc6+ Kh1 50. Qh8+ Kg1 51. Qd4+ Kh2 52. Qf4+ Kh3 53. Qf2 Kh2 54. Qh4+ Kg1 55. Qxg4 1-0

[Event "IV Open"]
[Site "Calvia ESP"]
[Date "2007.10.23"]
[Round "9"]
[White "Wojtaszek, R."]
[Black "Karlsson, L."]
[Result "1-0"]
[WhiteElo "2635"]
[BlackElo "2485"]
[PlyCount "115"]
[EventDate "2007.10.15"]
[Source "www.chesslib.no"]
[SourceDate "2004.05.04"]

1. d4 f5 2. g3 Nf6 3. Bg2 e6 4. c4 Bb4+ 5. Nd2 O-O 6. Ngf3 d6 7. O-O Bxd2 8. Bxd2 Qe7 9. c5 a5 10. Rc1 Nc6 11. Bg5 d5 12. Ne5 Qe8 13. Bf4 Nh5 14. Qd2 Nxf4 15. Qxf4 Ne7 16. c6 bxc6 17. Rc5 a4 18. Rfc1 Bb7 19. Qd2 Ra6 20. Qc3 Qd8 21. Qb4 Rb6 22. Qxa4 Rxb2 23. Qa3 Rb6 24. Ra5 Ng6 25. Nd3 f4 26. Nc5 Bc8 27. e3 fxg3 28. fxg3 e5 29. Ra8 e4 30. Ne6 Bxe6 31. Rxd8 Rxd8 32. Bf1 Rdb8 33. Qc3 Bd7 34. Qc5 Nf8 35. a4 Rb2 36. a5 h6 37. h4 Nh7 38. a6 Nf6 39. Qa3 R8b3 40. Qa1 Ng4 41. a7 Nh2 42. a8=Q+ Kh7 43. Q8a2 Nf3+ 44. Kh1 Rxa2 45. Qxa2 Rxe3 46. Qb2 Bg4 47. Rxc6 Re1 48. Rc1 Rxc1 49. Qxc1 Nxd4 50. Qxc7 Nf5 51. Qf4 h5 52. Kg2 Bf3+ 53. Kf2 Nh6 54. Ke3 Ng4+ 55. Kd4 Nf6 56. Bh3 Bg4 57. Bxg4 hxg4 58. Ke5 1-0

[Event "Espoo zt"]
[Site "Espoo"]
[Date "1989.??.??"]
[Round "?"]
[White "Agdestein, Simen"]
[Black "Karlsson, Lars"]
[Result "1-0"]
[WhiteElo "2605"]
[BlackElo "2510"]
[PlyCount "74"]
[EventDate "1989.07.??"]
[Source "ChessBase"]

1. d4 e6 2. c4 f5 3. g3 Nf6 4. Bg2 Bb4+ 5. Nc3 O-O 6. Nf3 Ne4 7. Qd3 d5 8. O-O c6 9. Bf4 b6 10. Ne5 Bxc3 11. bxc3 Ba6 12. Qc2 Nd6 13. cxd5 cxd5 14. Rfe1 Nc4 15. Nd3 Nc6 16. f3 Rc8 17. Rad1 Nd6 18. Qd2 Na5 19. Rc1 Nac4 20. Qd1 Bb7 21. h4 Qd7 22. Kh2 Bc6 23. Rg1 Nf7 24. Bh3 Ba4 25. Qe1 Qe7 26. g4 e5 27. dxe5 Nfxe5 28. gxf5 Rce8 29. Nxe5 Nxe5 30. Qg3 Kh8 31. Rg2 Bd7 32. e4 Bc6 33. Re1 dxe4 34. fxe4 Qf6 35. Rd2 Rf7 36. Bg5 Nf3+ 37. Qxf3 Qe5+ 1-0

[Event "SCO-ch CXI"]
[Site "Hamilton"]
[Date "2004.07.13"]
[Round "4"]
[White "Rowson, Jonathan"]
[Black "Motwani, Paul"]
[Result "1/2-1/2"]
[WhiteElo "2558"]
[BlackElo "2552"]
[PlyCount "57"]
[EventDate "2004.07.10"]
[Source "Roberto Alvarez"]
[SourceDate "2004.07.12"]

1. d4 e6 2. c4 f5 3. g3 Nf6 4. Bg2 Bb4+ 5. Nd2 O-O 6. Ngf3 d6 7. O-O Bxd2 8. Bxd2 Qe7 9. Bc3 Nc6 10. d5 Nd8 11. dxe6 Nxe6 12. e3 Ne4 13. Qc2 Bd7 14. Nd4 Qf7 15. b3 Rae8 16. Rae1 b6 17. Bb2 Nxd4 18. exd4 Re7 19. f3 Nf6 20. Qf2 Rfe8 21. d5 Rxe1 22. Rxe1 Rxe1+ 23. Qxe1 f4 24. Bd4 h6 25. Qd2 fxg3 26. hxg3 Qg6 27. Kh2 Qh5+ 28. Kg1 Qg6 29. Kh2 1/2-1/2

[Event "Luzern ol (Men)"]
[Site "Lucerne SUI"]
[Date "1982.??.??"]
[Round "7"]
[White "Portisch, Lajos"]
[Black "Kristiansen, Jens"]
[Result "1-0"]
[WhiteElo "2630"]
[BlackElo "2465"]
[PlyCount "93"]
[EventDate "1982.10.??"]
[Source "www.chesslib.no"]
[SourceDate "2004.05.04"]

1. c4 f5 2. d4 Nf6 3. g3 e6 4. Bg2 Bb4+ 5. Nd2 O-O 6. Ngf3 a5 7. O-O b6 8. Ne5 Ra7 9. Ndf3 Be7 10. b3 Ne4 11. a3 Bb7 12. Bb2 Bf6 13. Nd3 Nc6 14. e3 a4 15. b4 b5 16. cxb5 Ne7 17. Qe2 Qa8 18. Rfc1 Nd5 19. Nfe1 d6 20. f3 Bg5 21. Nf4 Nef6 22. Nxd5 Bxd5 23. Rc3 Rb8 24. Bc1 Bh6 25. Nd3 Qb7 26. Nf2 Qb6 27. Qd3 Bb3 28. Bf1 g6 29. Rc6 Qb7 30. e4 Bg7 31. Be3 Qc8 32. Rac1 Qd7 33. d5 Rab7 34. dxe6 Bxe6 35. exf5 Bxf5 36. Qd2 Be6 37. b6 Nd5 38. Ba6 Rxb6 39. Bxb6 Rxb6 40. Rxb6 Nxb6 41. Qc2 Nd5 42. Bc4 Nc3 43. Bxe6+ Qxe6 44. Ne4 Nb5 45. Qc6 Bb2 46. Qxb5 Bxc1 47. Qb8+ 1-0

[Event "Women-Veterans"]
[Site "London"]
[Date "1996.??.??"]
[Round "8"]
[White "Cramling, Pia"]
[Black "Hort, Vlastimil"]
[Result "1-0"]
[WhiteElo "2545"]
[BlackElo "2545"]
[PlyCount "129"]
[EventDate "1996.08.15"]
[Source "ChessBase"]

1. d4 f5 2. g3 Nf6 3. Bg2 e6 4. c4 Bb4+ 5. Nd2 O-O 6. Ngf3 b6 7. Ne5 Ne4 8. O-O Bxd2 9. Bxd2 Bb7 10. Be3 Qe8 11. Qc2 d6 12. Nd3 Nc6 13. d5 Nd8 14. dxe6 Nxe6 15. Nb4 Qg6 16. Nd5 Rae8 17. Rad1 a5 18. b3 h5 19. h4 Rf7 20. Kh2 Kh7 21. Bc1 Ba8 22. a3 Nf6 23. b4 axb4 24. axb4 Ng4+ 25. Kg1 Ne5 26. Bb2 Qg4 27. f4 Nd7 28. Kh2 Bxd5 29. Rxd5 Nf6 30. Bxf6 gxf6 31. e4 Rg8 32. Rf3 c5 33. Rfd3 Nd4 34. R5xd4 cxd4 35. Bh3 Qg7 36. Bxf5+ Kh6 37. Be6 Ra7 38. Bxg8 Qxg8 39. Rxd4 Qg4 40. Qf2 Ra1 41. Rd2 Rd1 42. Kg2 Kg7 43. Qe3 Kf7 44. Qd3 Re1 45. Rf2 Rd1 46. Rd2 Re1 47. b5 Kg7 48. Rf2 Rd1 49. Qe2 Rd4 50. Qxg4+ hxg4 51. f5 Rxc4 52. Rf4 Rc2+ 53. Kf1 Rc1+ 54. Ke2 Rb1 55. Rxg4+ Kf7 56. Rg6 d5 57. e5 fxe5 58. Re6 Rxb5 59. g4 Rb2+ 60. Kd3 Rg2 61. g5 Rg3+ 62. Ke2 e4 63. g6+ Kg7 64. h5 Kh6 65. f6 1-0

[Event "XIX Czech Chladek & Tintera A Open"]
[Site "Pardubice CEC"]
[Date "2008.07.25"]
[Round "8"]
[White "Gasanov, E."]
[Black "Chernyshov, K."]
[Result "1/2-1/2"]
[WhiteElo "2523"]
[BlackElo "2565"]
[PlyCount "118"]
[EventDate "2008.07.18"]
[Source "www.chesslib.no"]
[SourceDate "2004.05.04"]

1. d4 f5 2. g3 Nf6 3. Bg2 e6 4. c4 Bb4+ 5. Nd2 O-O 6. Ngf3 Bxd2+ 7. Qxd2 Ne4 8. Qc2 Nc6 9. O-O Qe7 10. a3 d6 11. b4 a5 12. b5 Nd8 13. a4 c5 14. bxc6 bxc6 15. c5 d5 16. Ne5 Qe8 17. Rb1 Nf7 18. Nxf7 Rxf7 19. Bf4 h6 20. Rb6 Kh7 21. Rfb1 Ba6 22. f3 Nf6 23. e4 Qd7 24. exf5 exf5 25. Bh3 g6 26. Qd2 Bc4 27. Bxh6 Re8 28. Bf1 Bxf1 29. Kxf1 Nh5 30. Bf4 Nxf4 31. Qxf4 Qe6 32. R6b2 Qe3 33. Qxe3 Rxe3 34. Rb7 Rxb7 35. Rxb7+ Kh6 36. Ra7 f4 37. gxf4 Rxf3+ 38. Ke2 Rxf4 39. Ke3 Re4+ 40. Kd3 Rh4 41. Rxa5 Rh3+ 42. Kc2 Rxh2+ 43. Kc3 Rh3+ 44. Kb4 Rd3 45. Ra6 Rxd4+ 46. Ka5 Rd1 47. Kb6 d4 48. Kxc6 d3 49. Ra8 g5 50. a5 g4 51. a6 Ra1 52. a7 d2 53. Rd8 Rxa7 54. Rxd2 g3 55. Kb6 Rg7 56. Rg2 Kh5 57. c6 Kh4 58. c7 Rxc7 59. Kxc7 Kh3 1/2-1/2

[Event "Piatka op"]
[Site "Swidnica"]
[Date "1997.??.??"]
[Round "?"]
[White "Lerner, Konstantin Z"]
[Black "Ovetchkin, Roman"]
[Result "1/2-1/2"]
[WhiteElo "2570"]
[BlackElo "2495"]
[PlyCount "47"]
[EventDate "1997.??.??"]
[Source "www.chesslib.no"]
[SourceDate "2004.05.04"]

1. d4 e6 2. c4 f5 3. g3 Nf6 4. Bg2 Bb4+ 5. Bd2 Qe7 6. Nf3 O-O 7. O-O Bxd2 8. Qxd2 Ne4 9. Qc2 d6 10. Nc3 Nxc3 11. Qxc3 Nd7 12. e4 fxe4 13. Nd2 d5 14. cxd5 exd5 15. Qxc7 Qb4 16. Qc3 Qb6 17. f3 exf3 18. Nxf3 Nf6 19. Ne5 Be6 20. Nd3 Ne4 21. Qb4 Rxf1+ 22. Rxf1 Qxb4 23. Nxb4 Rc8 24. Re1 1/2-1/2

[Event "2nd IECC, Ohrid MKD"]
[Site "?"]
[Date "2001.??.??"]
[Round "7"]
[White "Ionov, S."]
[Black "Conquest, S."]
[Result "1/2-1/2"]
[WhiteElo "2505"]
[BlackElo "2560"]
[PlyCount "111"]
[EventDate "2001.??.??"]
[Source "www.chesslib.no"]
[SourceDate "2004.05.04"]

1. d4 e6 2. c4 f5 3. g3 Nf6 4. Bg2 Bb4+ 5. Bd2 Be7 6. Nf3 d5 7. O-O O-O 8. Qc2 Nc6 9. Bg5 h6 10. Bxf6 Bxf6 11. e3 Ne7 12. Nc3 c6 13. Ne2 g5 14. Ne5 Bd7 15. f4 Be8 16. Nc1 Rc8 17. Ncd3 b6 18. c5 Ng6 19. Nxg6 Bxg6 20. b4 b5 21. a4 a6 22. axb5 axb5 23. Ra6 Kh8 24. Kh1 Rg8 25. Rfa1 Bh5 26. Qf2 Rg7 27. Qf1 Qe8 28. R1a2 Kh7 29. Bf3 Bf7 30. Qf2 Kh8 31. Kg1 Bg6 32. Kf1 Qd8 33. Ke1 Be8 34. Kd2 Kg8 35. Kc3 Qc7 36. R2a3 Rb8 37. Qe2 g4 38. Bg2 h5 39. Qa2 h4 40. Ra7 Rb7 41. Rxb7 Qxb7 42. Ra8 Re7 43. Nc1 hxg3 44. hxg3 Kf7 45. Bf1 Rd7 46. Qa5 Be7 47. Bd3 Rc7 48. Ne2 Rd7 49. Kb3 Rc7 50. Nc3 Bd7 51. Qa1 Bc8 52. Ra2 Bf6 53. Qh1 Kg6 54. Rh2 Rh7 55. Rxh7 Qxh7 56. Qxh7+ 1/2-1/2

[Event "RUS-Cup02 Moscow"]
[Site "?"]
[Date "1998.??.??"]
[Round "9"]
[White "Kharitonov, Andrei Y"]
[Black "Ovetchkin, Roman"]
[Result "1-0"]
[WhiteElo "2585"]
[BlackElo "2475"]
[PlyCount "87"]
[EventDate "1998.??.??"]
[Source "www.chesslib.no"]
[SourceDate "2004.05.04"]

1. d4 e6 2. c4 f5 3. g3 Nf6 4. Bg2 Bb4+ 5. Bd2 Qe7 6. Nf3 Bxd2+ 7. Qxd2 O-O 8. O-O d6 9. Nc3 c6 10. Rfe1 d5 11. Qc2 Ne4 12. e3 Bd7 13. Ne2 Be8 14. Nf4 Nd7 15. Nd3 Ndf6 16. Nfe5 Rc8 17. b4 Rc7 18. Rec1 Nd6 19. a4 a6 20. Rab1 Rc8 21. Qb2 g5 22. Qa3 Rc7 23. Rc2 Qd8 24. Nc5 Re7 25. Qa2 Kh8 26. Bf1 f4 27. exf4 gxf4 28. Bh3 Qc8 29. Re1 dxc4 30. Nxc4 Nxc4 31. Qxc4 Nd5 32. Rce2 Bf7 33. Nxe6 f3 34. Re5 Rfe8 35. Ng5 Rxe5 36. dxe5 Qc7 37. e6 Bg6 38. b5 axb5 39. axb5 Qb6 40. bxc6 bxc6 41. Nxf3 Rf8 42. e7 Re8 43. Ne5 Rxe7 44. Nxg6+ 1-0

[Event "ch-GRE"]
[Site "Athens"]
[Date "2004.12.06"]
[Round "3"]
[White "Halkias, Stelios"]
[Black "Nikolaidis, Ioannis"]
[Result "0-1"]
[WhiteElo "2526"]
[BlackElo "2527"]
[PlyCount "57"]
[EventDate "2004.12.04"]
[Source "Roberto Alvarez"]
[SourceDate "2004.12.13"]

1. d4 e6 2. c4 f5 3. g3 Nf6 4. Bg2 Bb4+ 5. Bd2 Bxd2+ 6. Qxd2 d6 7. Nc3 O-O 8. Rd1 Qe8 9. Nf3 Kh8 10. O-O e5 11. dxe5 dxe5 12. Nd5 Nxd5 13. cxd5 e4 14. Nd4 c6 15. d6 Nd7 16. Qc1 Nf6 17. f3 Bd7 18. fxe4 Nxe4 19. Qf4 Rf6 20. Nb3 b6 21. g4 Rd8 22. gxf5 Bxf5 23. d7 Qe7 24. Qc7 c5 25. Rxf5 Rxf5 26. Bxe4 Rg5+ 27. Kf2 c4 28. Nc1 Rc5 29. Qf4 0-1

[Event "EUCup final"]
[Site "Hilversum"]
[Date "1993.??.??"]
[Round "1"]
[White "Horvath, Jozsef"]
[Black "Karlsson, Lars"]
[Result "1-0"]
[WhiteElo "2545"]
[BlackElo "2505"]
[PlyCount "76"]
[EventDate "1993.12.??"]
[Source "ChessBase"]

1. d4 e6 2. g3 f5 3. Bg2 Nf6 4. c4 Bb4+ 5. Nd2 O-O 6. Ngf3 d6 7. O-O Bxd2 8. Bxd2 a5 9. Rc1 Qe7 10. c5 Nc6 11. Bg5 e5 12. Qb3+ Kh8 13. cxd6 cxd6 14. d5 Nb4 15. Nd2 e4 16. Bxf6 Qxf6 17. a3 Na6 18. Nc4 Nc5 19. Qc3 Bd7 20. Qxf6 Rxf6 21. Nb6 Ra6 22. Nxd7 Nxd7 23. Rc7 Rf7 24. Rfc1 Kg8 25. Rxb7 Nc5 26. Rb5 a4 27. f3 e3 28. f4 g6 29. Rc3 Re7 30. Rb8+ Kf7 31. Bh3 h5 32. Bg2 Raa7 33. Rb4 Rab7 34. Bf3 Kf6 35. h3 Ra7 36. Kg2 Rab7 37. g4 hxg4 38. hxg4 fxg4 1-0

[Event "Porto San Giorgio op"]
[Site "Porto San Giorgio"]
[Date "1996.??.??"]
[Round "?"]
[White "Khenkin, Igor"]
[Black "Laketic, Gojko"]
[Result "1-0"]
[WhiteElo "2575"]
[BlackElo "2465"]
[PlyCount "41"]
[EventDate "1996.??.??"]
[Source "www.chesslib.no"]
[SourceDate "2004.05.04"]

1. d4 e6 2. c4 f5 3. g3 Nf6 4. Bg2 Bb4+ 5. Nd2 O-O 6. Ngf3 d6 7. O-O Bxd2 8. Bxd2 Qe8 9. c5 dxc5 10. Rc1 Nbd7 11. dxc5 c6 12. Qb3 Ne4 13. Be3 Rf7 14. Rfd1 e5 15. Nh4 Nf8 16. Qc2 Be6 17. Nxf5 Bxf5 18. Bxe4 Bxe4 19. Qxe4 Nd7 20. Qc4 h6 21. Rd6 1-0

[Event "Halle"]
[Site "?"]
[Date "1987.??.??"]
[Round "?"]
[White "Gelfand, B."]
[Black "Knaak, R."]
[Result "1-0"]
[WhiteElo "2510"]
[BlackElo "2530"]
[PlyCount "73"]
[EventDate "1987.??.??"]
[Source "ChessBase"]
[SourceDate "1987.07.01"]

1. d4 e6 2. c4 f5 3. g3 Nf6 4. Bg2 Bb4+ 5. Nd2 O-O 6. Ngf3 a5 7. O-O b6 8. Ne5 Ra7 9. Nb1 Be7 10. Nc3 Bb7 11. d5 Qc8 12. e4 fxe4 13. Nxe4 Na6 14. Be3 Qe8 15. d6 Nxe4 16. dxe7 Qxe7 17. Qxd7 Qf6 18. Nc6 Nec5 19. Qd2 Bxc6 20. Bxc6 e5 21. Bg2 c6 22. Rad1 Rd7 23. Qe2 Re7 24. Rd2 e4 25. Rfd1 Qf5 26. a3 a4 27. Rd8 h6 28. Rxf8+ Qxf8 29. Qg4 Qf6 30. Rd8+ Kh7 31. Qc8 Qe6 32. Qxe6 Rxe6 33. Bh3 Rf6 34. Bd4 Rf7 35. Rd6 Nd3 36. Be6 Re7 37. Bf5+ 1-0

[Event "Mind Sports Games - Blitz Team"]
[Site "Pechino CINA"]
[Date "2008.10.13"]
[Round "9"]
[White "Erdos, V."]
[Black "Neiksans, A."]
[Result "1/2-1/2"]
[WhiteElo "2577"]
[BlackElo "2456"]
[PlyCount "164"]
[EventDate "2008.10.13"]
[Source "www.chesslib.no"]
[SourceDate "2004.05.04"]

1. d4 f5 2. c4 Nf6 3. g3 e6 4. Bg2 Bb4+ 5. Nd2 O-O 6. Ngf3 d6 7. O-O Bxd2 8. Qxd2 Qe7 9. b3 Nc6 10. Bb2 Bd7 11. d5 Nd8 12. dxe6 Nxe6 13. Nd4 Nc5 14. Qc2 Ng4 15. e3 a5 16. Rae1 Ne5 17. Rd1 Rae8 18. Rfe1 Kh8 19. Bc3 b6 20. Qb1 Qf7 21. Ba1 Qh5 22. h3 Ne4 23. f4 Nf7 24. g4 Qh4 25. gxf5 Nf2 26. Qb2 Nxd1 27. Rxd1 Qf6 28. e4 Nh6 29. Qf2 Bc8 30. Ne6 Rxe6 31. Bxf6 Rexf6 32. a3 Bb7 33. b4 axb4 34. axb4 R6f7 35. c5 dxc5 36. bxc5 b5 37. c6 Bxc6 38. Qc5 Ba8 39. Rd7 Ng8 40. Rxf7 Rxf7 41. Qa7 Bc6 42. Qb8 Rd7 43. Kf2 Rd2+ 44. Kg3 Rd3+ 45. Kh4 Rd4 46. Qxc7 Bxe4 47. Qe5 Bxg2 48. Qxd4 Bf1 49. Qc5 Bc4 50. Qc8 h6 51. f6 gxf6 52. f5 Kg7 53. Qb7+ Bf7 54. Qxb5 h5 55. Qd7 Nh6 56. Kg3 Ng8 57. Kf4 Nh6 58. Qd2 Ng8 59. Qg2+ Kh7 60. Ke3 Nh6 61. Qe4 Ng8 62. Kd4 Kg7 63. Kc5 Kf8 64. Kd6 Nh6 65. Qf4 Kg7 66. Kd7 Ng8 67. Qg3+ Kf8 68. Qa3+ Kg7 69. Qe3 Nh6 70. Qf4 Ng8 71. Qg3+ Kf8 72. Qe3 Kg7 73. Kd8 Kf8 74. Qf4 Kg7 75. Qg3+ Kf8 76. Qc3 Kg7 77. Qd4 Kf8 78. Qg1 Nh6 79. h4 Ng8 80. Qe3 Kg7 81. Qg1+ Kf8 82. Qe3 Kg7 1/2-1/2

[Event "Open A"]
[Site "Riga"]
[Date "2004.08.17"]
[Round "4"]
[White "Fridman, Daniel"]
[Black "Neiksans, Arturs"]
[Result "1-0"]
[WhiteElo "2590"]
[BlackElo "2440"]
[PlyCount "97"]
[EventDate "2004.08.15"]
[Source "Roberto Alvarez"]
[SourceDate "2004.09.06"]

1. d4 f5 2. g3 Nf6 3. Bg2 e6 4. c4 Bb4+ 5. Bd2 Bxd2+ 6. Qxd2 O-O 7. Nc3 d6 8. e3 e5 9. Nge2 e4 10. h3 c6 11. d5 Nbd7 12. dxc6 Ne5 13. cxb7 Bxb7 14. Nf4 Qd7 15. Qd4 Nc6 16. Qd1 Ne5 17. Qd4 Nc6 18. Qd1 Ne5 19. O-O Nxc4 20. Qd4 Ne5 21. Rfd1 Rfd8 22. Rac1 a6 23. Ncd5 Bxd5 24. Nxd5 Nxd5 25. Qxd5+ Qf7 26. g4 g6 27. Qxf7+ Kxf7 28. Rc7+ Kg8 29. b4 Rab8 30. a3 Rb6 31. Bf1 d5 32. Rdc1 d4 33. exd4 Nd3 34. Rc8 Rbd6 35. Rxd8+ Rxd8 36. Rc6 Rxd4 37. Rxa6 f4 38. Ra5 Kg7 39. h4 Ne1 40. Be2 f3 41. Ba6 Nc2 42. Rc5 Nxa3 43. Rc3 Nb1 44. Rc4 Rd1+ 45. Kh2 Nd2 46. Rc7+ Kf6 47. Kg3 e3 48. Kf4 Rg1 49. g5+ 1-0

[Event "BL2-West 0304"]
[Site "Germany"]
[Date "2004.??.??"]
[Round "?.2"]
[White "Rausis, Igors"]
[Black "Berelovich, Aleksandar"]
[Result "1/2-1/2"]
[WhiteElo "2495"]
[BlackElo "2535"]
[PlyCount "48"]
[EventDate "2003.10.??"]
[Source "Roberto Alvarez"]
[SourceDate "2004.07.26"]

1. d4 e6 2. c4 f5 3. g3 Nf6 4. Bg2 Bb4+ 5. Bd2 Bxd2+ 6. Qxd2 O-O 7. Nc3 d6 8. e3 e5 9. Nge2 c6 10. O-O Na6 11. Rab1 Nc7 12. dxe5 dxe5 13. Rfd1 Be6 14. b3 Qxd2 15. Rxd2 Rad8 16. Rbd1 Rxd2 17. Rxd2 Na6 18. e4 fxe4 19. Nxe4 Nxe4 20. Bxe4 Nc5 21. Nc3 a5 22. Bc2 Kf7 23. Ne4 Nxe4 24. Bxe4 h6 1/2-1/2

[Event "Porto San Giorgio"]
[Site "?"]
[Date "1997.??.??"]
[Round "?"]
[White "Khenkin, I."]
[Black "Rotstein, A."]
[Result "1-0"]
[WhiteElo "2550"]
[BlackElo "2455"]
[PlyCount "65"]
[EventDate "1997.??.??"]
[Source "ChessBase"]
[SourceDate "1997.06.01"]

1. d4 e6 2. c4 f5 3. g3 Nf6 4. Bg2 Bb4+ 5. Nd2 O-O 6. Ngf3 a5 7. O-O b6 8. Nb1 Be7 9. Ne5 Ne4 10. Nc3 Nxc3 11. bxc3 Ra7 12. e4 Bb7 13. Re1 Bf6 14. Ba3 Re8 15. exf5 Bxg2 16. Kxg2 exf5 17. Qf3 Bxe5 18. Rxe5 Rxe5 19. dxe5 Qe8 20. Qxf5 Qf7 21. Qxf7+ Kxf7 22. Rd1 Ke6 23. f4 Na6 24. Rd5 Nc5 25. Kf3 Na4 26. g4 g6 27. Rd3 Nc5 28. Bxc5 bxc5 29. Ke4 Rb7 30. f5+ Ke7 31. Rh3 h5 32. fxg6 hxg4 33. Rh8 1-0

[Event "Cheliabinsk-A"]
[Site "Cheliabinsk"]
[Date "1991.??.??"]
[Round "?"]
[White "Magerramov, Elmar"]
[Black "Laketic, Gojko"]
[Result "1-0"]
[WhiteElo "2560"]
[BlackElo "2440"]
[PlyCount "121"]
[EventDate "1991.12.??"]
[Source "www.chesslib.no"]
[SourceDate "2004.05.04"]

1. d4 e6 2. c4 f5 3. g3 Nf6 4. Bg2 Bb4+ 5. Bd2 Qe7 6. Nf3 Bxd2+ 7. Qxd2 d6 8. Nc3 e5 9. O-O O-O 10. dxe5 dxe5 11. Nd5 Qd6 12. Nxf6+ Rxf6 13. Qxd6 cxd6 14. Rfd1 Nc6 15. Rd2 Be6 16. b3 Rd8 17. Rad1 Bf7 18. Ne1 Kf8 19. Nc2 g5 20. Bd5 Be8 21. Ne3 b6 22. Bg2 Ne7 23. c5 bxc5 24. Nc4 Nc8 25. Nxe5 Nb6 26. Rc1 Rb8 27. Nd3 a5 28. f4 h6 29. Nf2 gxf4 30. gxf4 Rg6 31. Kf1 Bb5 32. Bh3 Ke7 33. Nh1 Rf8 34. Ng3 Bd7 35. Kf2 h5 36. Nf1 Re6 37. Bg2 h4 38. Ne3 Rg6 39. Bh3 Be6 40. Rc3 Rgf6 41. Bg2 Rg6 42. Bf3 Rfg8 43. Rcd3 Rd8 44. Rc2 Rb8 45. Nd1 Nd7 46. Rcd2 Rb6 47. Nc3 Nf6 48. Re3 Rb4 49. Red3 Bf7 50. Ke3 h3 51. Rd1 d5 52. Bxd5 Ng4+ 53. Kd2 Rxf4 54. Bxf7 Kxf7 55. Kc1 Rd4 56. Rxh3 Nf2 57. Rxd4 cxd4 58. Rf3 Rg1+ 59. Kc2 Ng4 60. Nb5 Ne3+ 61. Kb2 1-0

[Event "CCCA"]
[Site "?"]
[Date "1996.07.15"]
[Round "?"]
[White "Zlender Boris"]
[Black "DeMauro Joseph A.(USA)"]
[Result "1/2-1/2"]
[WhiteElo "2440"]
[BlackElo "2555"]
[PlyCount "108"]
[EventDate "1996.??.??"]
[Source "www.chesslib.no"]
[SourceDate "2004.05.04"]

1. d4 e6 2. c4 f5 3. g3 Nf6 4. Bg2 Bb4+ 5. Nd2 O-O 6. Ngf3 b6 7. a3 Bxd2+ 8. Nxd2 Nc6 9. b3 Bb7 10. O-O Qe8 11. Bb2 Nd8 12. f3 Qg6 13. Qc2 Nf7 14. b4 d6 15. e3 h5 16. e4 fxe4 17. fxe4 Ng5 18. Rae1 d5 19. cxd5 exd5 20. Qb3 Kh8 21. e5 Nfe4 22. Bc1 c6 23. Nxe4 Nxe4 24. Qc2 Ba6 25. Rf4 Rxf4 26. Bxf4 Rf8 27. Bxe4 dxe4 28. Qxe4 Qe6 29. Qf3 Rf5 30. a4 Bc4 31. Rc1 Bd5 32. Qe2 Qg6 33. Qe3 Rf8 34. b5 cxb5 35. axb5 h4 36. e6 Bxe6 37. Rc6 Qb1+ 38. Rc1 Qf5 39. Be5 Rf7 40. Qf4 hxg3 41. hxg3 Qd3 42. Qh4+ Kg8 43. Qd8+ Kh7 44. Qh4+ Kg6 45. Re1 Qf5 46. Bf4 Qd5 47. Bb8 Bf5 48. Rf1 Bc8 49. Rxf7 Kxf7 50. Qf4+ Kg6 51. Qe5 Qxe5 52. dxe5 a6 53. bxa6 Bxa6 54. Kf2 Kf5 1/2-1/2

[Event "Open"]
[Site "Vladimir"]
[Date "2004.08.20"]
[Round "3"]
[White "Sergeev, Veniamin"]
[Black "Glek, Igor V"]
[Result "0-1"]
[WhiteElo "2407"]
[BlackElo "2578"]
[PlyCount "60"]
[EventDate "2004.08.18"]
[Source "Roberto Alvarez"]
[SourceDate "2004.09.21"]

1. d4 e6 2. c4 f5 3. g3 Nf6 4. Bg2 Bb4+ 5. Bd2 Bxd2+ 6. Qxd2 O-O 7. Nc3 d5 8. Nf3 c6 9. O-O Nbd7 10. Qe3 Re8 11. b3 dxc4 12. bxc4 e5 13. d5 e4 14. Nd4 Ne5 15. Qg5 h6 16. Qf4 Nxc4 17. Nxf5 Bxf5 18. Qxf5 cxd5 19. Rfd1 Re5 20. Qf4 Qa5 21. Qc1 Rc8 22. Rb1 d4 23. Rxd4 Nb6 24. Rb3 Nbd5 25. Qb2 Nxc3 26. Bh3 Rc7 27. Kg2 Kh7 28. a4 Qc5 29. Rd8 Nxa4 30. Qa1 Nc3 0-1

[Event "Espoo zt"]
[Site "Espoo"]
[Date "1989.??.??"]
[Round "?"]
[White "Tisdall, Jonathan D"]
[Black "Karlsson, Lars"]
[Result "0-1"]
[WhiteElo "2465"]
[BlackElo "2510"]
[PlyCount "50"]
[EventDate "1989.07.??"]
[Source "ChessBase"]

1. d4 e6 2. c4 f5 3. g3 Nf6 4. Bg2 Bb4+ 5. Nc3 O-O 6. Nf3 Ne4 7. Qb3 c5 8. dxc5 Nc6 9. O-O Nxc3 10. bxc3 Bxc5 11. Ba3 Na5 12. Qa4 Bxa3 13. Qxa3 Nxc4 14. Qc5 d5 15. Rfd1 Bd7 16. e3 b6 17. Qd4 Ba4 18. Rdc1 Rc8 19. Ne5 Nxe5 20. Qxe5 Qf6 21. Qd6 Rc5 22. Qf4 Rc4 23. Qd6 Rd8 24. Qa3 Rdc8 25. Qd6 R4c6 0-1

[Event "4 Open"]
[Site "Lido Estensi"]
[Date "2003.06.09"]
[Round "3"]
[White "Golod, Vitali"]
[Black "Naumkin, Igor"]
[Result "1/2-1/2"]
[WhiteElo "2538"]
[BlackElo "2431"]
[PlyCount "41"]
[EventDate "2003.06.06"]
[Source "Roberto Alvarez"]
[SourceDate "2003.06.23"]

1. d4 e6 2. c4 f5 3. g3 Nf6 4. Bg2 Bb4+ 5. Nd2 O-O 6. Ngf3 d6 7. O-O Bxd2 8. Qxd2 a5 9. b3 Qe8 10. Bb2 Nc6 11. d5 Nd8 12. Nd4 e5 13. Nb5 Qe7 14. c5 dxc5 15. Qc3 e4 16. Rad1 Nf7 17. f3 b6 18. fxe4 fxe4 19. Rf4 Nd6 20. Nxd6 cxd6 21. Bxe4 1/2-1/2